000 00923cam a22003017a 4500
003 CHAP
005 20220329141758.0
008 971013s1976 r 00010 d
010 _a73690
011 _a74662
035 _a84221
040 _cCHAP
090 _aFolleto 3278
100 0 0 _aHarkin, Duncan A.
_952738
245 0 _aPhilippine agrarian reform in the perspective of three years of martial law
260 _aMadison, Wis. :
_bLand Tenure Center,
_c1976
300 _a30 p.
490 0 _aResearch paper
590 _aBATCH-UPD
_b10
_c20130110
_lUCH01
_h0536
590 _aBATCH-UPD
_b10
_c20130110
_lUCH01
_h2232
590 _aCONVERSION
_b10
_c20130109
_lUCH01
_h1340
650 1 4 _aReforma agraria
_xFilipinas.
_995547
650 1 4 _aTierras
_xTenencia
_xFilipinas.
_9113164
830 0 _aResearch paper
_996073
901 _aBK
942 _cFOLL
949 _aFolleto 3278
_bBC
_cFOLL
_d-39419
_eTS1
_i84221
_mD
_si
999 _c73690
_d73690